BookTok books writers #1 - Statistics

General Stats
  • This quiz has been taken 130 times
  • The average score is 10 of 20
Answer Stats
Book Author % Correct
It ends with us Colleen Hoover
88%
A court of thorns and roses Sarah J. Maas
86%
The cruel prince Holly Black
82%
The love hypothesis Ali Hazelwood
74%
shatter me Tahereh Mafi
74%
A good girl’s guide to murder Holly Jackson
69%
Beach Read Emily Henry
66%
the hunger games Suzanne Collins
64%
Better than the movies Lynn Painter
61%
shadow and bone Leigh Bardugo
55%
The seven husbands of Evelyn Hugo Taylor Jenkins Reid
49%
the selection Kiera Cass
39%
Things we never got over Lucy Score
32%
The Spanish love deception Elena Armas
30%
Love & other words Christina Lauren
29%
The cheat sheet Sarah Adams
27%
It happened one summer Tessa Bailey
26%
From Lukov with love Mariana Zapata
23%
Red, white and royal blue Casey McQuiston
20%
The hating game (a novel) Sally Thorne
12%
No matching quizzes found
Score Distribution
Percent of People with Each Score
Percentile by Number Answered
Your Score History
You have not taken this quiz